000 00314nam a2200109Ia 4500
008 180309s9999 xx 000 0 und d
020 _a2894291760
245 _aWebster's universal dictionary and thesaurus /
260 _aCanada :
_b1993
_cTormont pub
300 _a941 pages
650 _aEnglish language -- Grammar
999 _c356107
_d356107